Matematické obrazy života

Gespeichert in:
Bibliographische Detailangaben
1. Verfasser: Hončariv, Róbert
Weitere Verfasser: Hončarivová, Kveta
Format: Buch
Sprache:Slowakisch
Veröffentlicht: Bratislava Obzor 1989
Ausgabe:1. vyd.
Tags: Tag hinzufügen
Keine Tags, Fügen Sie das erste Tag hinzu!

MARC

LEADER 00000nam a2200000 4500
001 c033623
005 20221215070823.9
041 0 |a slo 
044 |a SK 
245 1 0 |a Matematické obrazy života  |c Róbert Hončariv, Kveta Hončarivová 
250 |a 1. vyd. 
264 1 |a Bratislava  |b Obzor  |c 1989 
300 |a 504 s. 
100 1 |a Hončariv, Róbert 
700 1 |a Hončarivová, Kveta